Ako ďalej bez eurofondov?

Efektivita projektov s podporou eurofondov. Iné zdroje financovania obecných projektov.

Salvato in:
Dettagli Bibliografici
Autore principale: Filo, Peter
Natura: Capitolo di libro
Lingua:slovacco
Soggetti:
Tags: Aggiungi Tag
Nessun Tag, puoi essere il primo ad aggiungerne!!

MARC

LEADER 00000naa a2200000 4500
001 0118026
005 20240502072324.3
041 0 |a slo 
044 |a SK 
245 1 0 |a Ako ďalej bez eurofondov?  |c Peter Filo 
520 |a Efektivita projektov s podporou eurofondov. Iné zdroje financovania obecných projektov. 
610 2 0 |a obce 
610 2 0 |a financovanie projektové 
610 2 0 |a zdroje finančné 
610 2 0 |a fond kohézny 
610 2 0 |a fondy štruktúrne 
610 2 0 |a rozvoj regionálny 
100 1 |a Filo, Peter